000 00855cam a2200265 a 4500
001 000014617
005 20260114123504.0
008 000720s1997 ck b 001 0 spa d
020 _a9582001658 (Coleccion)
020 _a9582003693
040 _aDO-SdBNP
_bspa
_cDLC
_dBNPHU
082 _a302
_bR741p
100 1 _aRojas Trujillo, Guillermo
_d1955-
_933111
245 1 0 _aPsicología social y nuevo líder /
_cGuillermo Rojas Trujillo.
260 _aSanta Fe de Bogotá :
_bCooperativa Editorial Magisterio,
_c1997.
300 _a148 p. ;
_c24 cm.
490 1 _aAula abierta ;
504 _aIncluye referencias bibliográficas (P. 147-148).
650 0 _aPsicología social
_91574
650 4 _aLiderazgo
_9115
650 0 _aGrupos sociales
_91635
830 0 _aAula abierta ;
_928681
910 _aCatalogación por copia / LC
049 _aBNGR
999 _c14202
_d14202